000 00821cam a22002654a 4500
008
020 _a0073049743 (pbk.)
049 _aMAIN
090 _aHF5635
_b WIL
100 1 _aWild, John J.
245 1 0 _aFinancial and managerial accounting :
_binformation for decisions /
_cJohn J. Wild, Kermit D. Larson, Barbara Chiappetta.
260 _aBoston :
_bMcGraw-Hill/Irwin,
_c2005.
300 _a2 v. [465?] p. :
_bill. ;
_c29 cm.
500 _a"Volume 2 chapters 12-21."
500 _aIncludes index.
650 0 _aAccounting.
650 0 _aManagerial accounting.
700 1 _aLarson, Kermit D.
700 1 _aChiappetta, Barbara.
907 _a.b10253750
_b14-04-15
_c12-03-08
003
005 20230120145418.0
040 _cNUST
942 _cBOOKS
_kHF5635
_m WIL
999 _c97951
_d97951